000 00840nas a2200289 4500
001 BR0202128
003 BR-BrBNA
005 20231205102915.0
007 ta
008 230509b bl.|||p| |||| 00| 00por d
040 _aBR-BrBNA
_bpor
_cBiblioteca Nacional de Agricultura
041 _a(Pt)
072 _aE71
100 1 _aPinazza, L.A.
100 1 _aAlimandro, R.
245 1 _aBaixas cotações aqui e no exterior provocam queda na produção e encarecem a matéria-prima
650 _aLARANJA
650 _aSUCO DE LARANJA
650 _aSUCO CONCENTRADO
650 _aEXPORTAÇÃO
650 _aPRODUÇÃO
650 _aEMPREGO
650 _aSÃO PAULO
773 0 _tAgroanalysis (Brazil)
_xISSN 0100-4298
_g(Jun 2001), v. 21(5) p. 15-18
_wBR0202128
909 _a202311
_bLúcia
_c55
_dLúcia Elande
942 _2AGRIS
_n0
_cANA
999 _c170014
_d170014